Managing human resources : productivity, quality of work life, profits / Wayne F. Cascio
| Main Author: | Cascio, Wayne F. |
|---|---|
| Format: | MONOGRAPHS |
| Language: | English |
| Published: |
New York, NY. : McGraw-Hill, 2025 |
| Subjects: |
Employee selection.
Personnel management. Personnel research. |
| Tags: |
Add
No Tags, Be the first to tag this record!
|
| LEADER | 00873nam a2200217 a 4500 | ||
|---|---|---|---|
| 001 | 1120947 | ||
| 003 | Th-MUT | ||
| 008 | 260124s2025 ||| 001 0 eng d | ||
| 020 | |a 9781264948703 | ||
| 040 | |a DLC |c MUT | ||
| 050 | 0 | |a HF5549 |b C38M35 2025 | |
| 100 | 1 | |a Cascio, Wayne F. | |
| 245 | 1 | 0 | |a Managing human resources : productivity, quality of work life, profits / |c Wayne F. Cascio |
| 260 | |a New York, NY. : |b McGraw-Hill, |c 2025 | ||
| 300 | |a xxix, 666 p. : |b illus. ; |c 26 cm. | ||
| 504 | |a Includes bibliographical references and index. | ||
| 650 | 0 | |a Employee selection. | |
| 650 | 0 | |a Personnel management. | |
| 650 | 0 | |a Personnel research. | |
| 856 | |y Full Text |z Full Text | ||
| 991 | |a MONOGRAPHS |b 1 |c 2026-01-24 09:16:12 |d 2026-01-24 09:16:12 |e mut |f n |g 2026-01-24 |h n |i a |j m |k |l a |m |n a |o |p b |q |r us |s eng |t 2025 |v Managing human resources : productivity, quality of work life, profits / | ||
